000 00560 a2200205 4500
260 _aGeneva
100 _aHARPER, Malcom
260 _bInternational Labour Organization
245 _aProject Preparation and Appraisal : material for management training in agricutural co-operatives
300 _apag. multiple
650 _aCOOPERATIVE AGRICOLE
650 _aMANUEL DE FORMATION
260 _c1980
130 _lEn
690 _acoopérative agricole
690 _amanuel de formation
020 _a92-2-102446-6
999 _c21196
_d21196